000 00183 a2200097 4500
020 _a9780761354932
041 _aeng
100 _aMckee david
245 _aElmer and rose
942 _cBK
999 _c9680
_d9680